Texting Acronyms - Statistics

General Stats
  • This quiz has been taken 52 times
  • The average score is 21 of 30
Answer Stats
Hint Answer % Correct
Lol laugh out loud
98%
pov point of view
84%
tysm thank you so much
84%
msg message
82%
omg oh my god
82%
txt text
82%
ty thank you
82%
asap as soon as possible
80%
brb be right back
80%
gtg got to go
80%
irl in real life
80%
wdym what do you mean
80%
atm at the moment
78%
btw by the way
78%
ily i love you
78%
lmao laughing my ass off
78%
fyi for your information
71%
rn right now
71%
wth what the hell
69%
y why
69%
yolo you only live once
69%
rofl rolling on floor laughing
64%
smh shaking my head
62%
dm direct message
56%
gg good game
56%
gj good job
56%
yw youre welcome
53%
gl good luck
51%
asl age sex location
31%
gf good fight
9%
No matching quizzes found
Score Distribution
Percent of People with Each Score
Percentile by Number Answered
Your Score History
You have not taken this quiz